000 00346pab a2200145 454500
008 180718b1984 xxu||||| |||| 00| 0 eng d
100 _aBhattachiripad, T.N.N.
245 _aProject planning in water decade
260 _c1984
300 _a23-5
362 _aMay
650 _aWater Supply - India
773 _aCivic Affairs
909 _a20618
999 _c20618
_d20618